Poesía visual : Brasileira e argentina uma antologia /
Saved in:
| Format: | Book |
|---|---|
| Published: |
Sâo Paulo :
Laranja Original.
2023.
|
| LEADER | 00359nam a22001097a 4500 | ||
|---|---|---|---|
| 003 | AR-BeUNQ | ||
| 005 | 20241217171351.0 | ||
| 999 | |c 39210 |d 123010 | ||
| 245 | |a Poesía visual : |b Brasileira e argentina uma antologia / |c Julio Mendonça, Claudio Mangifesta. | ||
| 260 | |a Sâo Paulo : |b Laranja Original. |c 2023. | ||
| 929 | |a DONACION |b Claudio Mangifesta |f PAT0083007 |g 3764 |o PR | ||
| 942 | |c LIB | ||